Strange creatures. (Record no. 75339)
[ view plain ]
| 000 -LEADER | |
|---|---|
| fixed length control field | 00702cam a22002532 4500 |
| 001 - CONTROL NUMBER | |
| control field | 75339 |
| 003 - CONTROL NUMBER IDENTIFIER | |
| rucl marc code | BD-RjUL |
| 005 - DATE AND TIME OF LATEST TRANSACTION | |
| control field | 20211209082656.0 |
| 008 - FIXED-LENGTH DATA ELEMENTS--GENERAL INFORMATION | |
| fixed length control field | 190313s 1963enka j 000 1 eng |
| 035 ## - SYSTEM CONTROL NUMBER | |
| System control number | (BD-RjUL)75557 |
| 040 ## - CATALOGING SOURCE | |
| Original cataloging agency | DLC |
| Transcribing agency | JPL |
| Modifying agency | SER |
| -- | UKM |
| -- | EQO |
| Language of cataloging | eng |
| 041 ## - LANGUAGE CODE | |
| Language code of text/sound track or separate title | eng |
| 082 ## - DEWEY DECIMAL CLASSIFICATION NUMBER | |
| Classification number | 591.5 |
| Edition number | 23 |
| Author mark and year | WES 1963 |
| 100 1# - MAIN ENTRY--PERSONAL NAME | |
| Personal name | Webb, Clifford, |
| Dates associated with a name | 1895- |
| 9 (RLIN) | 229355 |
| 245 10 - TITLE STATEMENT | |
| Title | Strange creatures. |
| 260 ## - PUBLICATION, DISTRIBUTION, ETC. (IMPRINT) | |
| Place of publication, distribution, etc. | London ; |
| -- | New York : |
| Name of publisher, distributor, etc. | F. Warne, |
| Date of publication, distribution, etc. | c1963] |
| 300 ## - PHYSICAL DESCRIPTION | |
| Pagination | [64] p. : |
| Illustrations | illus. (part col.) ; |
| Size | 28 cm. |
| 650 #0 - SUBJECT ADDED ENTRY--TOPICAL TERM | |
| Topical term or geographic name as entry element | Animals |
| Form subdivision | Juvenile literature. |
| 9 (RLIN) | 229356 |
| 942 ## - ADDED ENTRY ELEMENTS (KOHA) | |
| Source of classification or shelving scheme | Dewey Decimal Classification |
| Koha item type | Books |
| Lost status | Source of classification or shelving scheme | Damaged status | Not for loan | Collection code | Permanent Location | Current Location | Shelving location | Date acquired | Source of acquisition | Cost, normal purchase price | Total Checkouts | Full call number | Date last seen | Copy number | Koha item type |
|---|---|---|---|---|---|---|---|---|---|---|---|---|---|---|---|
| Dewey Decimal Classification | Not For Loan | Non-fiction | Central Library, University of Rajshahi | Central Library, University of Rajshahi | Reading Room | 06/10/1970 | Sweets & Zeitlinger | 12.00 | 591.5 WES 1963 | 13/03/2019 | C-1 | Books |